Responses for Show #8044 - Thursday, July 25, 2019

Jason Zuffranieri game 5.

Contestants

[<< previous game]

Shari Meyer, a high school English teacher from Somerville, Massachusetts

Eric Kaplan, a retired OB/GYN physician from Long Beach, California

Jason Zuffranieri, a math teacher from Albuquerque, New Mexico (whose 4-day cash winnings total $105,300)

[next game >>]

Jeopardy! Round responses

LITERARY GROUPS
TV SPINOFFS
USELESS BODY PARTS
3-LETTER WORDS WITH "F"
MILK, THIS CATEGORY
FOR ALL IT'S WORTH
    $200 15
Mork & Mindy

Jason
    $200 10
wisdom teeth

Eric
    $200 5
(Eric: What is if?)
[Originally ruled correct; ruled incorrect before clue 10.]

ifs

Eric
Triple Stumper
    $400 16
the Lost Generation

Shari
    $400 1
Beavis and Butthead

Shari
    $400 11
goosebumps

Eric
    $400 6
elf

Jason
    $400 20
homogenization

Jason
    $400 25
a satellite

Eric
    $600 17
(Washington) Irving

Jason
    $600 2
The Jeffersons

Jason
    $600 12
a tailbone

Eric
    $600 7
a fly

Eric
    $600 21
(Eric: What is leche?)

soy milk

Eric
Triple Stumper
    $600 26
a diamond

Shari
    $800 18
the Puritans

Eric
    $1,000 3
Doctor Who

Jason
    $800 13
mammary glands

Eric
    $800 8
aft

Shari
    $800 22
Silk

Eric
    $800 27
[The end-of-round signal sounds.]

Antiques Roadshow

Jason
    $1000 19
the Bloomsbury Group

Jason
    $1000 4
The Colbert Report

Shari
    $1000 14
the nose

Eric
    $1000 9
a fop

Eric
    $1000 23
(Alex: Less than a minute now.)

evaporated

Jason
    $1000 24
the Tate

Eric

Scores at the first commercial break (after clue 15):

Jason Eric Shari
$2,200 $4,400 $2,200

Scores at the end of the Jeopardy! Round:

Jason Eric Shari
$6,000 $6,800 $3,200

Double Jeopardy! Round responses

SECRETARIES OF WAR
GATES
KANGAROO WORDS
(Alex: These are words that contain their own synonyms. For example, if we gave you "masculine", the synonym would be "male". It's found inside "masculine".)
JULIANNE MOORE DOESN'T SEE THE END OF THE FILM
INVENTORS & INVENTIONS
LEFT ON THE BOARD
(Alex: Clues from this season that were not selected before time ran out.)
    $400 24
Golden Gate

Eric
    $400 1
bare

Shari
    $400 26
Jennifer Lawrence

Eric
    $400 16
paper

Eric
    $400 9
the British Empire

Shari
    $800 15
Taft

Eric
    $4,000 20
(Jason: What is Jerusalem?)

Babylon

Jason
    $800 2
bloomed

Shari
    $800 6
negatives

Jason
    $800 10
apostles

Shari
    $4,000 17
John Adams

Eric
    $1200 21
Brandenburg Gate

Jason
    $1200 3
(Eric: What is...)
...
(Alex: Yes, I was hoping Eric--I would have had a great line to follow. "Eric, [*], yes!")

idle

JasonEric
    $1200 7
Marconi

Eric
    $1200 11
(Shari: Who is Wonder Woman?)

Captain Marvel

Shari
Triple Stumper
    $1600 18
(Alex: Yes, Joel Poinsett.)

a poinsettia

Eric
    $1600 22
the East River

Eric
    $1600 4
care

Jason
    $1600 27
[The end-of-round signal sounds.]

Ralph Fiennes

Eric
    $1600 8
derailing

Shari
    $1600 12
(Eric: What is St. Patrick's Day?)

Labor Day

JasonEric
    $2000 19
(Eric: Who is Lincoln?)

Buchanan

JasonEric
    $2000 23
(Alex: Less than a minute to go now.)

Seoul, South Korea

Triple Stumper
    $2000 5
ruin

Jason
    $2000 25
Children of Men

Jason
    $2000 14
(Jason: What are windshield wipers?)
(Alex: Be more specific.)
(Jason: Windshield wiper--um, automated windshield wipers.)
(Eric: What are windshield washers?)

intermittent windshield wipers

JasonEric
Triple Stumper
    $2000 13
(John) Nash

Jason

Scores at the end of the Double Jeopardy! Round:

Jason Eric Shari
$14,400 $12,000 $6,000

[wagering suggestions for these scores]

Final Jeopardy! Round responses

1970s ALBUM REVIEWS
(Alex: Wake up, wake up and get this.)
...
(Alex: [To Jason] No, The Eagles. [*].)
ShariWhat is ?
$6,000
EricWhat is Rumors
$12,000
JasonWhat is Exile on Main Street?
$10,000
Hotel California

Final scores:

Jason Eric Shari
$4,400 $0 $0
5-day champion: $109,700 2nd place: $2,000 3rd place: $1,000

Game dynamics:

Coryat scores:

Jason Eric Shari
$18,200 $9,200 $6,000
18 R
(including 1 DD),
2 W
(including 1 DD)
20 R
(including 1 DD),
6 W
10 R,
1 W

Combined Coryat: $33,400

[game clues] [game scores] [suggest correction]

Game tape date: 2019-04-06
The J! Archive is created by fans, for fans. Scraping, republication, monetization, and malicious use prohibited; this site may use cookies and collect identifying information. See terms. The Jeopardy! game show and all elements thereof, including but not limited to copyright and trademark thereto, are the property of Jeopardy Productions, Inc. and are protected under law. This website is not affiliated with, sponsored by, or operated by Jeopardy Productions, Inc. Join the discussion at JBoard.tv.